Etiqueta de registo: 00254nam 2200025 450
001 2283444
003 http://id.bnportugal.gov.pt/bib/catbnp/2283444
010 ## $a978-989-779-827-6
021 ## $aPT$b553882/25
100 ## $a20260401d2025 m y0pory01030103ba
101 0# $apor
102 ## $aPT
105 ## $aa z 000yy
106 ## $ar
200 1# $aTranscendência poética sem limites$eincluindo versos contro-versos$fCpontoal$gnota introdutória Luisa Ramos
205 ## $a1ª ed
210 #9 $aLisboa$cEdições Vieira da Silva,$d2025
215 ## $a171, [1] p.$cil.$d22 cm
700 #1 $aCpontoal$cpseud.$31994516
702 #1 $aRamos,$bLuísa,$f1954-$4080$31619603
801 #0 $aPT$bBN$gRPC
966 ## $lBN$mFGMON$x1
966 ## $lBN$mFGMON$x1
971 ## $corlando$d20260401